New English-Chinese dictionary (Record no. 66756)
[ view plain ]
| 000 -LEADER | |
|---|---|
| fixed length control field | 00339nam a22001217a 4500 |
| 008 - FIXED-LENGTH DATA ELEMENTS--GENERAL INFORMATION | |
| fixed length control field | 240910b |||||||| |||| 00| 0 eng d |
| 040 ## - CATALOGING SOURCE | |
| Original cataloging agency | National Science Library |
| Transcribing agency | National Science Library |
| 080 ## - UNIVERSAL DECIMAL CLASSIFICATION NUMBER | |
| Universal Decimal Classification number | R 802.0(038)=951 |
| Item number | L4 |
| 100 ## - MAIN ENTRY--PERSONAL NAME | |
| Personal name | Yi-Li, Cheng |
| 245 ## - TITLE STATEMENT | |
| Title | New English-Chinese dictionary |
| 300 ## - PHYSICAL DESCRIPTION | |
| Extent | 2143p. |
| 942 ## - ADDED ENTRY ELEMENTS (KOHA) | |
| Source of classification or shelving scheme | Universal Decimal Classification |
| Koha item type | Reference |
| Withdrawn status | Lost status | Source of classification or shelving scheme | Damaged status | Not for loan | Home library | Current library | Shelving location | Date acquired | Total Checkouts | Full call number | Barcode | Date last seen | Price effective from | Koha item type |
|---|---|---|---|---|---|---|---|---|---|---|---|---|---|---|
| Universal Decimal Classification | National Science Library | National Science Library | GF/ | 28/03/1988 | R 802.0(038)=951 L4 | 169141 | 10/09/2024 | 28/03/1988 | Reference |